El mundo resplandeciente / (Registro nro. 30337)

Detalles MARC
000 -LEADER
fixed length control field 00344nam a22001337a 4500
003 - CONTROL NUMBER IDENTIFIER
control field OSt
005 - DATE AND TIME OF LATEST TRANSACTION
control field 20231124213101.0
008 - FIXED-LENGTH DATA ELEMENTS--GENERAL INFORMATION
fixed length control field 231124b |||||||| |||| 00| 0 eng d
040 ## - CATALOGING SOURCE
Transcribing agency CO-JMCR
082 ## - DEWEY DECIMAL CLASSIFICATION NUMBER
Classification number N /
Item number CAVm
100 ## - MAIN ENTRY--PERSONAL NAME
Personal name Cavendish Margaret
Relator term Autor
9 (RLIN) 42941
245 ## - TITLE STATEMENT
Title El mundo resplandeciente /
Statement of responsibility, etc. Margaret Cavendish
942 ## - ADDED ENTRY ELEMENTS (KOHA)
Source of classification or shelving scheme Dewey Decimal Classification
Koha item type Books
Existencias
Withdrawn status Lost status Source of classification or shelving scheme Damaged status Not for loan Home library Current library Date acquired Total Checkouts Full call number Barcode Date last seen Price effective from Koha item type Public note
    Dewey Decimal Classification     Biblioteca Pública José María del Castillo y Rada Biblioteca Pública José María del Castillo y Rada 11/24/2023   N / CAVm 35714005592597 11/24/2023 11/24/2023 Books Material interbibliotecario Bibliored